000 00561nam a2200193 a 4500
005 20240910064036.0
008 040422s2000 mx r 000 0 spa d
020 _a9706134018
035 _aUPN01000133021
049 _aCG
050 4 _aJF1355
_bG8.7
100 1 _aGuerrero Orozco, Omar
245 1 0 _aTeoría administrativa del Estado /
_cOmar Guerrero Orozco.
260 _aMéxico :
_bOxford University,
_c2000.
300 _a368 p.
440 0 _aTextos universitarios en ciencias sociales
650 4 _aAdministración pública
_9637
905 _aLibro
999 _c105174
_d105174